000 00734nam a2200265 i 4500
001 C2-0093077
003 PPAK
005 20180727092840.0
008 970514s1988 my a|||| ||||| | may d
020 _a9836206329
040 _aPPAK
_beng
_cPPAK
_erda
082 0 4 _a614.571
_223
090 0 0 _a614.571
_bPAN
_dG
090 0 0 _a614.571
_bPAN
_dKIH
100 1 _aPang, Tikki,
_eauthor
245 1 0 _aDemam denggi dan demam denggi berdarah
264 1 _aKuala Lumpur :
_bDewan Bahasa dan Pustaka ,
_c1988
300 _axi, 102 pages :
_billustrations ;
_c22 cm
336 _2rdacontent
_atext
337 _2rdamedia
_aunmediated
338 _2rdacarrier
_avolume
650 1 0 _aDengue viruses
700 _eauthor
942 _ddc
_cB
999 _c19890
_d19890